| 000 | 00815nam a22002177a 4500 | ||
|---|---|---|---|
| 999 |
_c50804 _d50804 |
||
| 005 | 20210325200726.0 | ||
| 008 | s2548 th tha d | ||
| 020 | _a9749369955 | ||
| 040 | _a์NALT | ||
| 041 | _atha | ||
| 050 |
_aHD 75.7 _bส265ศ 2548 |
||
| 100 | 0 | _aสมพร เทพสิทธา | |
| 245 | 1 | 0 |
_aเศรษฐกิจพอเพียง ตามแนวพระราชดำริ / _cสมพร เทพสิทธา |
| 260 |
_aกรุงเทพฯ : _bกองทุนอริยมรรค, _c2548 |
||
| 300 |
_a102 หน้า : _bภาพประกอบ ; _c16 ซม. |
||
| 650 | 0 | 4 | _aเศรษฐกิจพอเพียง |
| 650 | 0 | 4 | _aเกษตรทฤษฎีใหม่ |
| 850 | _aNALT | ||
| 942 |
_cGB _2lcc |
||